Macroeconomics / (Record no. 13718)

MARC details
000 -LEADER
fixed length control field 01627cam a22003258a 4500
001 - CONTROL NUMBER
control field 16095568
005 - DATE AND TIME OF LATEST TRANSACTION
control field 20100219101541.0
008 - FIXED-LENGTH DATA ELEMENTS--GENERAL INFORMATION
fixed length control field 100217s2010 nju |rb 001 0 eng
010 ## - LIBRARY OF CONGRESS CONTROL NUMBER
LC control number 2010006840
020 ## - INTERNATIONAL STANDARD BOOK NUMBER
International Standard Book Number 0132079631
020 ## - INTERNATIONAL STANDARD BOOK NUMBER
International Standard Book Number 9780132079631
040 ## - CATALOGING SOURCE
Original cataloging agency DLC
Transcribing agency DLC
050 00 - LIBRARY OF CONGRESS CALL NUMBER
Classification number HB172.5
Item number .B573 2010
082 00 - DEWEY DECIMAL CLASSIFICATION NUMBER
Classification number 339
Edition number 22
Item number BLA
100 1# - MAIN ENTRY--PERSONAL NAME
Personal name Blanchard, Olivier
Fuller form of name (Olivier J.)
9 (RLIN) 12845
245 10 - TITLE STATEMENT
Title Macroeconomics /
Statement of responsibility, etc Olivier Blanchard.
250 ## - EDITION STATEMENT
Edition statement 5th ed.
260 ## - PUBLICATION, DISTRIBUTION, ETC. (IMPRINT)
Place of publication, distribution, etc Upper Saddle River, N.J. :
Name of publisher, distributor, etc Pearson Prentice Hall, 2009
Date of publication, distribution, etc 2009
263 ## - PROJECTED PUBLICATION DATE
Projected publication date 1003
300 ## - PHYSICAL DESCRIPTION
Extent 649 p.:
Other physical details ill.(some col.);
Dimensions 25 cm.
504 ## - BIBLIOGRAPHY, ETC. NOTE
Bibliography, etc Includes bibliographical references and index.
650 #0 - SUBJECT ADDED ENTRY--TOPICAL TERM
Topical term or geographic name as entry element Macroeconomics.
9 (RLIN) 12846
942 ## - ADDED ENTRY ELEMENTS (KOHA)
Source of classification or shelving scheme Dewey Decimal Classification
Item type NB - Book (Non borrowing)
Holdings
Withdrawn status Item status Source of classification or shelving scheme Damaged status Not for loan Vendor Home library Current library Shelving location Date acquired Source of acquisition Total Checkouts Full call number Barcode Date last seen Date last borrowed Koha item type Materials specified (bound volume or other part) Total Renewals
    Dewey Decimal Classification     Baccah Central Library Central Library First floor 17/03/2010   4 339 BLA 000020248 15/07/2025 21/10/2010 NB - Book (Non borrowing)    
  Lost Dewey Decimal Classification     Baccah Central Library Central Library First floor 17/03/2010   3 339 BLA 000020247 01/07/2011 13/07/2010 Book - Borrowing Lost In Inventory_2015-8-23 6
    Dewey Decimal Classification     Baccah Central Library Central Library First floor 17/03/2010   6 339 BLA 000020246 15/07/2025 04/12/2016 Book - Borrowing   26
    Dewey Decimal Classification     Baccah Central Library Central Library First floor 25/10/2010   5 339 BLA 000021935 15/07/2025 22/10/2016 Book - Borrowing   12
    Dewey Decimal Classification     Baccah Central Library Central Library First floor 25/10/2010   4 339 BLA 000021936 15/07/2025 22/10/2016 Book - Borrowing   22
    Dewey Decimal Classification     Baccah Central Library Central Library First floor 09/10/2013   5 339 BLA 000029205 15/07/2025 12/10/2021 Book - Borrowing   6
    Dewey Decimal Classification       Central Library Central Library First floor 13/03/2018     339 BLA 000047384 15/07/2025   Book - Borrowing